[Event "SUI-chT"]
[Site "Switzerland"]
[Date "2022.11.12"]
[Round "8.1"]
[White "Bogner, Sebastian"]
[Black "Netzer, Jean"]
[Result "1-0"]
[WhiteElo "2553"]
[BlackElo "2410"]
[PlyCount "79"]
[EventDate "2022.05.01"]
[EventType "team-tourn"]
[EventRounds "9"]
[EventCountry "SUI"]
[SourceTitle "EXT 2024"]
[Source "ChessBase"]
[SourceDate "2023.10.10"]
[SourceVersion "1"]
[SourceVersionDate "2023.10.10"]
[SourceQuality "1"]
[WhiteTeam "Reti"]
[BlackTeam "Nyon"]
[WhiteTeamCountry "SUI"]
[BlackTeamCountry "SUI"]

1. d4 f5 2. g3 d6 3. Nf3 Nf6 4. Bg2 g6 5. 0-0 Bg7 6. b3 0-0 7. Bb2 Ne4 8. Nbd2 Nxd2 9. Qxd2 Nd7 10. c4 Nf6 11. d5 e5 12. dxe6 Ne4 13. Qd5 Qe7 14. Bxg7 Kxg7 15. Nd2 Nxd2 16. Qxd2 Qxe6 17. c5 dxc5 18. Qc3+ Qf6 19. Qxc5 c6 20. b4 Rd8 21. Rad1 Be6 22. a4 a6 23. Qb6 Qe7 24. Rd4 Rxd4 25. Qxd4+ Kf7 26. e4 Rd8 27. Qc3 fxe4 28. Bxe4 Qf6 29. Qe3 Rd4 30. Rb1 Kg7 31. Bf3 Bc4 32. Bg2 Qd6 33. Qc3 Kh6 34. Re1 Rd1 35. h4 Rxe1+ 36. Qxe1 Bf7 37. Qc3 Qd1+ 38. Kh2 Bd5 39. f3 Qe2 40. Qf6 1-0

[Event "SUI-chT"]
[Site "Switzerland"]
[Date "2019.10.20"]
[Round "9.2"]
[White "Netzer, Jean"]
[Black "Bogner, Sebastian"]
[Result "1/2-1/2"]
[WhiteElo "2401"]
[BlackElo "2601"]
[PlyCount "70"]
[EventDate "2019.03.10"]
[EventType "team-tourn"]
[EventRounds "9"]
[EventCountry "SUI"]
[SourceTitle "CBM 192 Extra"]
[Source "Chessbase"]
[SourceDate "2019.11.06"]
[SourceVersion "1"]
[SourceVersionDate "2019.11.06"]
[SourceQuality "1"]
[WhiteTeam "Nyon"]
[BlackTeam "Reti"]
[WhiteTeamCountry "SUI"]
[BlackTeamCountry "SUI"]

1. e4 c5 2. Nf3 d6 3. d4 cxd4 4. Nxd4 Nf6 5. Nc3 a6 6. f4 e5 7. Nf3 Nbd7 8. Bc4 Be7 9. Qe2 b5 10. Bd5 Rb8 11. a3 0-0 12. fxe5 dxe5 13. 0-0 a5 14. Be3 b4 15. axb4 Bxb4 16. Rad1 Qc7 17. Nb5 Ba6 18. c4 Bxb5 19. cxb5 Nxd5 20. Rxd5 Nf6 21. Rxe5 Bd6 22. Rf5 Nxe4 23. b6 Qd8 24. Bd4 Qe7 25. Ne5 Ng5 26. Qg4 f6 27. Nc6 Bxh2+ 28. Kh1 Qe8 29. Rxg5 fxg5 30. Rxf8+ Qxf8 31. Kxh2 Qd6+ 32. Be5 Qh6+ 33. Qh3 Rxb6 34. Qxh6 gxh6 35. Nxa5 h5 1/2-1/2

[Event "SUI-chT"]
[Site "Switzerland"]
[Date "2019.06.30"]
[Round "5.2"]
[White "Netzer, Jean"]
[Black "Bauer, Christian"]
[Result "0-1"]
[WhiteElo "2401"]
[BlackElo "2654"]
[PlyCount "98"]
[EventDate "2019.03.10"]
[EventType "team-tourn"]
[EventRounds "9"]
[EventCountry "SUI"]
[SourceTitle "EXT 2020"]
[Source "ChessBase"]
[SourceDate "2019.10.17"]
[SourceVersion "1"]
[SourceVersionDate "2019.10.17"]
[SourceQuality "1"]
[WhiteTeam "Nyon"]
[BlackTeam "Zuerich"]
[WhiteTeamCountry "SUI"]
[BlackTeamCountry "SUI"]

1. e4 Nc6 2. Nc3 e6 3. d4 Bb4 4. Nf3 Nf6 5. Bd3 d6 6. Bd2 e5 7. dxe5 dxe5 8. h3 0-0 9. a3 Bc5 10. b4 Bd6 11. Ne2 a5 12. 0-0 Re8 13. b5 Nb8 14. a4 Nbd7 15. Ng3 Nc5 16. Qe2 b6 17. Rfd1 Bb7 18. Nh2 Ne6 19. Bc4 Nd4 20. Qd3 Nd7 21. c3 Nc5 22. Qb1 Nde6 23. Be3 Qh4 24. Nf3 Qf6 25. Bd5 Bxd5 26. exd5 Nf4 27. Bxc5 Bxc5 28. Qe4 g6 29. Ra2 Qd6 30. Ne2 Nh5 31. Qh4 e4 32. Nh2 e3 33. f3 f5 34. g4 Ng7 35. Kg2 f4 36. g5 Rf8 37. Qg4 Rae8 38. h4 Nf5 39. Qh3 Re5 40. c4 h5 41. gxh6 Qe7 42. Rg1 Kh7 43. Kf1 Nxh4 44. Rg4 Rh5 45. Nxf4 Rxf4 46. Rxf4 Nf5 47. Qg2 Qe5 48. Rg4 e2+ 49. Qxe2 Ng3+ 0-1

[Event "FRA-chT Top 12"]
[Site "Saint Quentin"]
[Date "2014.06.03"]
[Round "11.6"]
[White "Favarel, Antoine"]
[Black "Netzer, Jean"]
[Result "1-0"]
[WhiteElo "2333"]
[BlackElo "2402"]
[PlyCount "139"]
[EventDate "2014.05.24"]
[EventType "team-tourn"]
[EventRounds "11"]
[EventCountry "FRA"]
[SourceTitle "CBM 160 Extra"]
[Source "ChessBase"]
[SourceDate "2014.07.01"]
[SourceVersion "1"]
[SourceVersionDate "2014.07.01"]
[SourceQuality "1"]
[WhiteTeam "Chalons en Champagne"]
[BlackTeam "Bischwiller"]
[WhiteTeamCountry "FRA"]
[BlackTeamCountry "FRA"]

1. d4 d5 2. c4 dxc4 3. Nf3 Nf6 4. e3 e6 5. Bxc4 c5 6. 0-0 a6 7. Bb3 Nc6 8. Nc3 b5 9. Qe2 Na5 10. Rd1 Bb7 11. e4 Qc7 12. e5 Nxb3 13. axb3 Nd5 14. Ne4 cxd4 15. Bg5 Rc8 16. Rac1 Qd7 17. Rxc8+ Qxc8 18. Nxd4 Qd7 19. Nc2 Qc7 20. Ne3 Qxe5 21. Ng4 Qf5 22. Rxd5 Bxd5 23. Qc2 Kd7 24. Ngf6+ gxf6 25. Nxf6+ Qxf6 26. Bxf6 Rg8 27. g3 Rg6 28. Be5 Bd6 29. Bxd6 Kxd6 30. Qc8 f5 31. b4 Rg4 32. Qxa6+ Bc6 33. f4 h5 34. Qb6 h4 35. Qd8+ Bd7 36. Qf8+ Kc7 37. Kf2 hxg3+ 38. hxg3 Rg6 39. Qf7 Rh6 40. Ke3 Rh1 41. Kd4 Re1 42. Qe7 Re4+ 43. Kd3 Rc4 44. b3 Rc1 45. Kd4 Rc2 46. Ke5 Rd2 47. Qc5+ Kb7 48. Kf6 Rd5 49. Qc3 Bc8 50. Ke7 Rd7+ 51. Ke8 Rd5 52. Qg7+ Kc6 53. Qa7 Bb7 54. Ke7 e5 55. Kf6 exf4 56. gxf4 Bc8 57. Qa8+ Bb7 58. Qe8+ Kc7 59. Ke6 Bc6 60. Qe7+ Kb8 61. Qf7 Kc8 62. Qa7 Rd8 63. Kxf5 Re8 64. Kf6 Bd7 65. Qc5+ Kd8 66. f5 Re1 67. Kg7 Rf1 68. f6 Rf4 69. Qe7+ Kc8 70. f7 1-0

[Event "FRA-chT Top 12"]
[Site "Haguenau"]
[Date "2013.06.03"]
[Round "5.6"]
[White "Netzer, Jean"]
[Black "Loiseau, Quentin"]
[Result "1/2-1/2"]
[WhiteElo "2406"]
[BlackElo "2406"]
[PlyCount "88"]
[EventDate "2013.05.30"]
[EventType "team-tourn"]
[EventRounds "11"]
[EventCountry "FRA"]
[SourceTitle "CBM 154 Extra"]
[Source "ChessBase"]
[SourceDate "2013.06.25"]
[SourceVersion "2"]
[SourceVersionDate "2013.06.25"]
[SourceQuality "1"]
[WhiteTeam "Bischwiller"]
[BlackTeam "Rueil Malmaison"]
[WhiteTeamCountry "FRA"]
[BlackTeamCountry "FRA"]

1. e4 c5 2. c4 e6 3. Nc3 Nc6 4. Nf3 Nge7 5. d4 Nxd4 6. Nxd4 cxd4 7. Qxd4 Nc6 8. Qd2 Be7 9. Be2 0-0 10. 0-0 a6 11. Kh1 d6 12. b3 Qc7 13. Bb2 b6 14. Rac1 Qa7 15. Qe3 Rd8 16. f4 Bf8 17. Qg3 Bb7 18. Bd3 Rd7 19. Qh3 Rad8 20. Nd5 f5 21. Ne3 Nb4 22. Bb1 Bxe4 23. Bxe4 fxe4 24. Qxe6+ Kh8 25. Nf5 d5 26. cxd5 Nd3 27. Bd4 Bc5 28. Rb1 Bxd4 29. Nxd4 Rxd5 30. Nc6 Qb7 31. Nxd8 Rxd8 32. f5 Nc5 33. Qe5 Qf7 34. f6 Kg8 35. b4 Re8 36. Qd4 Nd3 37. fxg7 Qxg7 38. Qxb6 e3 39. Qc6 Qg6 40. Qd5+ Kh8 41. Qd4+ Kg8 42. h3 e2 43. Rfe1 Qg3 44. Qg4+ Qxg4 1/2-1/2

[Event "FRA-chT Top 12"]
[Site "Haguenau"]
[Date "2013.05.30"]
[Round "1.6"]
[White "Philippe, Christophe"]
[Black "Netzer, Jean"]
[Result "1/2-1/2"]
[WhiteElo "2372"]
[BlackElo "2406"]
[PlyCount "71"]
[EventDate "2013.05.30"]
[EventType "team-tourn"]
[EventRounds "11"]
[EventCountry "FRA"]
[SourceTitle "CBM 154 Extra"]
[Source "ChessBase"]
[SourceDate "2013.06.25"]
[SourceVersion "2"]
[SourceVersionDate "2013.06.25"]
[SourceQuality "1"]
[WhiteTeam "Vandoeuvre"]
[BlackTeam "Bischwiller"]
[WhiteTeamCountry "FRA"]
[BlackTeamCountry "FRA"]

1. e4 c5 2. Nf3 e6 3. Nc3 Nc6 4. d4 cxd4 5. Nxd4 Qc7 6. Be2 a6 7. 0-0 Nf6 8. Kh1 Nxd4 9. Qxd4 Bc5 10. Qd3 b5 11. f4 Bb7 12. Bf3 h5 13. e5 Ng4 14. Bxb7 Qxb7 15. a4 0-0 16. Ne4 Be7 17. b3 Rfc8 18. Bb2 Qc6 19. h3 Nh6 20. Rf2 Nf5 21. Kh2 h4 22. Rd2 Bb4 23. Re2 Kf8 24. Ba3 Bxa3 25. Rxa3 Qd5 26. axb5 Qxd3 27. cxd3 axb5 28. Rxa8 Rxa8 29. Kg1 Ra1+ 30. Kf2 Rb1 31. Nc5 Ke7 32. Ra2 d6 33. Ra7+ Ke8 34. Ra8+ Ke7 35. Ra7+ Ke8 36. Ra8+ 1/2-1/2

[Event "FRA-chT Top 12"]
[Site "Belfort"]
[Date "2012.06.02"]
[Round "3.7"]
[White "Colovic, Aleksandar"]
[Black "Netzer, Jean"]
[Result "1/2-1/2"]
[WhiteElo "2433"]
[BlackElo "2396"]
[PlyCount "80"]
[EventDate "2012.05.31"]
[EventType "team-tourn"]
[EventRounds "11"]
[EventCountry "FRA"]
[SourceTitle "CBM 148 Extra"]
[Source "ChessBase"]
[SourceDate "2012.06.22"]
[SourceVersion "1"]
[SourceVersionDate "2012.06.22"]
[SourceQuality "1"]
[WhiteTeam "Grasse"]
[BlackTeam "Bischwiller"]
[WhiteTeamCountry "FRA"]
[BlackTeamCountry "FRA"]

1. e4 e5 2. Nf3 Nc6 3. Bb5 a6 4. Ba4 Nge7 5. c3 g6 6. d4 exd4 7. cxd4 Bg7 8. d5 b5 9. Bc2 Nb4 10. Bb3 a5 11. a3 Na6 12. Nc3 Nc5 13. Bc2 Ba6 14. 0-0 0-0 15. Re1 d6 16. Nd4 b4 17. Ncb5 Qd7 18. a4 c6 19. dxc6 Nxc6 20. Bf4 Rad8 21. Rb1 Nxd4 22. Nxd4 Bxd4 23. Qxd4 b3 24. Bd1 Ne6 25. Qe3 Nxf4 26. Qxf4 Qxa4 27. Qg3 Bc4 28. h4 Qb5 29. h5 Qe5 30. Qe3 a4 31. Bg4 Rfe8 32. Rbc1 Be6 33. Bxe6 Rxe6 34. Qb6 Rde8 35. hxg6 Rxg6 36. Qc6 d5 37. Qxa4 dxe4 38. Qxb3 Rb8 39. Qc3 Qxc3 40. Rxc3 Rxb2 1/2-1/2

[Event "BL2-Sued 1112"]
[Site "Germany"]
[Date "2011.10.02"]
[Round "1.4"]
[White "Netzer, Jean"]
[Black "Tazbir, Marcin"]
[Result "0-1"]
[WhiteElo "2394"]
[BlackElo "2520"]
[PlyCount "74"]
[EventDate "2011.10.02"]
[EventType "team-tourn"]
[EventRounds "9"]
[EventCountry "GER"]
[SourceTitle "EXT 2015"]
[Source "ChessBase"]
[SourceDate "2014.11.20"]
[SourceVersion "1"]
[SourceVersionDate "2014.11.20"]
[SourceQuality "1"]
[WhiteTeam "Baden-Baden II"]
[BlackTeam "Griesheim"]
[WhiteTeamCountry "GER"]
[BlackTeamCountry "GER"]

1. e4 c5 2. Nf3 d6 3. d4 cxd4 4. Nxd4 Nf6 5. Nc3 a6 6. Be2 e5 7. Nb3 Be7 8. Bg5 Nbd7 9. Qd3 0-0 10. a4 b6 11. Rd1 Bb7 12. 0-0 b5 13. axb5 axb5 14. Bxf6 Nxf6 15. Qxb5 Ba6 16. Qxa6 Rxa6 17. Bxa6 Qb6 18. Be2 Ra8 19. Ra1 Rxa1 20. Rxa1 g6 21. Rd1 Kg7 22. Bf3 Bd8 23. g3 Qc6 24. Rd2 Bb6 25. Kf1 Ba7 26. Kg2 Qb6 27. Kf1 Qb4 28. Kg2 Bd4 29. Na2 Qc4 30. Nxd4 exd4 31. b3 Qc5 32. Nc1 Qc3 33. Re2 Nd7 34. Nd3 Ne5 35. Nxe5 dxe5 36. Bg4 h5 37. Bd7 d3 0-1

[Event "SUI-ch 111th"]
[Site "Leukerbad"]
[Date "2011.07.13"]
[Round "7"]
[White "Netzer, Jean"]
[Black "Hugentobler, Patrick"]
[Result "1/2-1/2"]
[WhiteElo "2409"]
[BlackElo "2232"]
[PlyCount "88"]
[EventDate "2011.07.07"]
[EventType "swiss"]
[EventRounds "9"]
[EventCountry "SUI"]
[SourceTitle "CBM 143 Extra"]
[Source "ChessBase"]
[SourceDate "2011.08.29"]
[SourceVersion "1"]
[SourceVersionDate "2011.08.29"]
[SourceQuality "1"]

1. d4 Nf6 2. c4 g6 3. Nc3 d5 4. cxd5 Nxd5 5. e4 Nxc3 6. bxc3 Bg7 7. Be3 c5 8. Qd2 Qa5 9. Rc1 cxd4 10. cxd4 Qxd2+ 11. Kxd2 Nc6 12. d5 Nb4 13. Bb5+ Bd7 14. Bxd7+ Kxd7 15. Rb1 Rhc8 16. a3 Nc2 17. Rxb7+ Ke8 18. Bg5 Nxa3 19. Rxe7+ Kf8 20. Rb7 Nc4+ 21. Ke2 Re8 22. f3 a5 23. Rc7 Rec8 24. d6 Rxc7 25. dxc7 Rc8 26. Bd8 a4 27. f4 Nd6 28. e5 Nb7 29. Nf3 Nxd8 30. cxd8Q+ Rxd8 31. Ra1 Ra8 32. Ng5 h6 33. Ne4 a3 34. Ra2 Ke7 35. Kd3 Ke6 36. Nc3 Kf5 37. g3 g5 38. Ke3 gxf4+ 39. gxf4 f6 40. Nb5 fxe5 41. fxe5 Bf8 42. e6 Ke5 43. Kd3 Rd8+ 44. Kc4 Kxe6 1/2-1/2

[Event "SUI-ch 111th"]
[Site "Leukerbad"]
[Date "2011.07.11"]
[Round "5"]
[White "Netzer, Jean"]
[Black "Rindlisbacher, Lars"]
[Result "1-0"]
[WhiteElo "2409"]
[BlackElo "2245"]
[PlyCount "37"]
[EventDate "2011.07.07"]
[EventType "swiss"]
[EventRounds "9"]
[EventCountry "SUI"]
[SourceTitle "CBM 143 Extra"]
[Source "ChessBase"]
[SourceDate "2011.08.29"]
[SourceVersion "1"]
[SourceVersionDate "2011.08.29"]
[SourceQuality "1"]

1. e4 c5 2. Nf3 e6 3. d4 cxd4 4. Nxd4 Nc6 5. Nc3 d6 6. Be3 Nf6 7. Bc4 Be7 8. Qe2 Bd7 9. 0-0-0 a6 10. Bb3 0-0 11. Rhg1 Qc7 12. g4 Nxd4 13. Bxd4 Bc6 14. g5 Nd7 15. Qh5 Rfc8 16. g6 hxg6 17. Rxg6 Bf8 18. Rh6 gxh6 19. Rg1+ 1-0

[Event "SUI-ch 111th"]
[Site "Leukerbad"]
[Date "2011.07.07"]
[Round "1"]
[White "Netzer, Jean"]
[Black "Paladini, Jean Michel"]
[Result "1-0"]
[WhiteElo "2409"]
[BlackElo "2059"]
[PlyCount "95"]
[EventDate "2011.07.07"]
[EventType "swiss"]
[EventRounds "9"]
[EventCountry "SUI"]
[SourceTitle "CBM 143 Extra"]
[Source "ChessBase"]
[SourceDate "2011.08.29"]
[SourceVersion "1"]
[SourceVersionDate "2011.08.29"]
[SourceQuality "1"]

1. e4 c5 2. Nf3 d6 3. d4 cxd4 4. Nxd4 Nf6 5. Nc3 a6 6. Be2 e5 7. Nb3 Be7 8. 0-0 Be6 9. f4 Qc7 10. f5 Bc4 11. g4 h6 12. a4 Nbd7 13. Be3 Rc8 14. a5 0-0 15. Bxc4 Qxc4 16. Ra4 Qc7 17. Rf2 b5 18. axb6 Nxb6 19. Bxb6 Qxb6 20. Qf3 Rfd8 21. Kg2 Rxc3 22. bxc3 d5 23. exd5 Nxd5 24. Re2 Bf6 25. Rae4 Nf4+ 26. Rxf4 exf4 27. c4 Qc7 28. Re4 a5 29. c5 Be5 30. Ra4 Rb8 31. Ra2 Rb4 32. Qa8+ Kh7 33. Qf3 a4 34. Nc1 Rb1 35. Nd3 Bd4 36. Qxf4 Qc6+ 37. Kh3 Rg1 38. c4 Bf6 39. Re2 a3 40. Qe3 Rf1 41. Nf2 Bb2 42. Qd3 Qxc5 43. f6+ g6 44. Re7 Bxf6 45. Rxf7+ Bg7 46. Qxf1 Qe3+ 47. Kg2 Qc3 48. Qe2 1-0

[Event "SUI-chT"]
[Site "Switzerland"]
[Date "2011.06.26"]
[Round "5.3"]
[White "Netzer, Jean"]
[Black "Hort, Vlastimil"]
[Result "0-1"]
[WhiteElo "2388"]
[BlackElo "2455"]
[PlyCount "62"]
[EventDate "2011.02.27"]
[EventType "team-tourn"]
[EventRounds "9"]
[EventCountry "SUI"]
[SourceTitle "EXT 2012"]
[Source "ChessBase"]
[SourceDate "2011.11.24"]
[SourceVersion "1"]
[SourceVersionDate "2011.11.24"]
[SourceQuality "1"]
[WhiteTeam "Le Joueur"]
[BlackTeam "Reichenstein"]
[WhiteTeamCountry "SUI"]
[BlackTeamCountry "SUI"]

1. e4 e5 2. Nf3 d6 3. d4 Nd7 4. Bc4 c6 5. dxe5 dxe5 6. Ng5 Nh6 7. Nf3 g6 8. h3 f6 9. Be3 Qe7 10. Nc3 Nf7 11. a4 Qb4 12. Bb3 Nc5 13. Bxc5 Qxc5 14. Qe2 Bh6 15. Nh2 0-0 16. Ng4 Bxg4 17. hxg4 Kg7 18. Rd1 Qe7 19. Rd3 Bg5 20. 0-0 Rad8 21. Rfd1 Rxd3 22. Rxd3 Rd8 23. Bxf7 Kxf7 24. Rxd8 Qxd8 25. Qc4+ Kg7 26. Qe6 Bc1 27. b3 Qd2 28. Qe7+ Kh6 29. g5+ Kxg5 30. g3 Qxc3 31. Qxh7 Qe1+ 0-1

[Event "Geneve op 26th"]
[Site "Geneve"]
[Date "2009.12.27"]
[Round "3"]
[White "Bauer, Christian"]
[Black "Netzer, Jean"]
[Result "1-0"]
[WhiteElo "2594"]
[BlackElo "2394"]
[PlyCount "45"]
[EventDate "2009.12.26"]
[EventType "swiss"]
[EventRounds "7"]
[EventCountry "SUI"]
[SourceTitle "EXT 2011"]
[Source "ChessBase"]
[SourceDate "2010.11.26"]
[SourceVersion "1"]
[SourceVersionDate "2010.11.26"]
[SourceQuality "1"]

1. d4 d5 2. Bf4 Nf6 3. e3 c5 4. c3 Nc6 5. Nd2 e6 6. Ngf3 Bd6 7. Bg3 0-0 8. Bd3 h6 9. Qe2 Re8 10. Ne5 Qc7 11. f4 Bd7 12. 0-0 Rab8 13. Bh4 Be7 14. Bxf6 Bxf6 15. Qh5 Bxe5 16. fxe5 Rf8 17. Rf6 Ne7 18. Raf1 Nf5 19. g4 c4 20. gxf5 cxd3 21. Rxh6 gxh6 22. Qxh6 exf5 23. Qg5+ 1-0

[Event "BL2-Sued 0910"]
[Site "Germany"]
[Date "2009.12.13"]
[Round "4.3"]
[White "Netzer, Jean"]
[Black "Hirneise, Tobias"]
[Result "1-0"]
[WhiteElo "2393"]
[BlackElo "2427"]
[PlyCount "99"]
[EventDate "2009.10.18"]
[EventType "team-tourn"]
[EventRounds "9"]
[EventCountry "GER"]
[SourceTitle "EXT 2011"]
[Source "ChessBase"]
[SourceDate "2010.11.26"]
[SourceVersion "1"]
[SourceVersionDate "2010.11.26"]
[SourceQuality "1"]
[WhiteTeam "Baden-Baden II"]
[BlackTeam "Neuhausen"]
[WhiteTeamCountry "GER"]
[BlackTeamCountry "GER"]

1. c4 g6 2. Nc3 c5 3. g3 Bg7 4. Bg2 Nc6 5. d3 d6 6. e4 Nf6 7. Nge2 0-0 8. 0-0 Ne8 9. h3 Nc7 10. Kh2 Rb8 11. a4 a6 12. a5 e6 13. f4 f5 14. Be3 Nd4 15. Bg1 Bd7 16. Na4 Bc6 17. Nb6 Qe7 18. Nxd4 cxd4 19. Qe2 Rbe8 20. Rae1 Qd8 21. e5 dxe5 22. fxe5 Bh6 23. Bxc6 bxc6 24. Qg2 c5 25. Qc6 Qe7 26. Nd7 Bd2 27. Qxc7 Bxe1 28. Nf6+ Rxf6 29. Qxe7 Rxe7 30. exf6 Rb7 31. Rxe1 Kf7 32. Re5 Rxb2+ 33. Kh1 Rd2 34. Rxc5 Rxd3 35. Rc6 Kxf6 36. Rxa6 Ke5 37. Ra7 Ra3 38. Rd7 Rxa5 39. Rxd4 g5 40. Rd7 Ke4 41. Kg2 f4 42. g4 e5 43. c5 Ra2+ 44. Bf2 Rc2 45. Rxh7 Kd3 46. Rd7+ Ke4 47. Rd6 Rc1 48. Rg6 Kd3 49. Rxg5 e4 50. Rf5 1-0

[Event "SUI-chT"]
[Site "Switzerland"]
[Date "2009.09.06"]
[Round "7.4"]
[White "Ekstroem, Roland"]
[Black "Netzer, Jean"]
[Result "1/2-1/2"]
[WhiteElo "2516"]
[BlackElo "2367"]
[PlyCount "69"]
[EventDate "2009.02.22"]
[EventType "team-tourn"]
[EventRounds "9"]
[EventCountry "SUI"]
[SourceTitle "EXT 2011"]
[Source "ChessBase"]
[SourceDate "2010.11.26"]
[SourceVersion "1"]
[SourceVersionDate "2010.11.26"]
[SourceQuality "1"]
[WhiteTeam "Riehen"]
[BlackTeam "Joueur"]
[WhiteTeamCountry "SUI"]
[BlackTeamCountry "SUI"]

1. e4 e5 2. Nf3 Nc6 3. Nc3 Nf6 4. Bb5 Bd6 5. 0-0 0-0 6. Re1 Re8 7. a3 h6 8. h3 a6 9. Bc4 Bc5 10. Nd5 d6 11. c3 Nxd5 12. Bxd5 Ne7 13. Ba2 Ng6 14. d4 Bb6 15. dxe5 dxe5 16. Qxd8 Rxd8 17. Be3 Bxe3 18. Rxe3 Kf8 19. Ree1 Ke7 20. Rad1 Be6 21. Bxe6 Kxe6 22. g3 Ne7 23. Kf1 Nc6 24. Ke2 Rxd1 25. Rxd1 Rd8 26. Rxd8 Nxd8 27. Nd2 Nc6 28. Ke3 g6 29. b4 Na7 30. a4 Nc8 31. a5 Nd6 32. Nb3 b6 33. Kd3 Kd7 34. f4 f6 35. fxe5 1/2-1/2

[Event "SUI-chT"]
[Site "Switzerland"]
[Date "2009.09.05"]
[Round "6.4"]
[White "Netzer, Jean"]
[Black "Zueger, Beat"]
[Result "1/2-1/2"]
[WhiteElo "2367"]
[BlackElo "2415"]
[PlyCount "38"]
[EventDate "2009.02.22"]
[EventType "team-tourn"]
[EventRounds "9"]
[EventCountry "SUI"]
[SourceTitle "EXT 2011"]
[Source "ChessBase"]
[SourceDate "2010.11.26"]
[SourceVersion "1"]
[SourceVersionDate "2010.11.26"]
[SourceQuality "1"]
[WhiteTeam "Joueur"]
[BlackTeam "Luzern"]
[WhiteTeamCountry "SUI"]
[BlackTeamCountry "SUI"]

1. c4 g6 2. Nc3 c5 3. g3 Bg7 4. Bg2 Nc6 5. d3 Rb8 6. e4 a6 7. a4 d6 8. Nge2 e5 9. Nd5 Nge7 10. Nec3 Nxd5 11. Nxd5 0-0 12. 0-0 Be6 13. Bd2 b6 14. Bc3 Qd7 15. f4 f5 16. Qd2 Kh8 17. Rf2 Nd4 18. Bxd4 cxd4 19. exf5 gxf5 1/2-1/2

[Event "BL2-Sued 0809"]
[Site "Germany"]
[Date "2009.03.29"]
[Round "9.5"]
[White "Gohil, Harry"]
[Black "Netzer, Jean"]
[Result "1/2-1/2"]
[WhiteElo "2340"]
[BlackElo "2360"]
[PlyCount "111"]
[EventDate "2008.10.05"]
[EventType "team-tourn"]
[EventRounds "9"]
[EventCountry "GER"]
[SourceTitle "CBM 129 Extra"]
[Source "ChessBase"]
[SourceDate "2009.05.05"]
[SourceVersion "2"]
[SourceVersionDate "2009.05.20"]
[SourceQuality "1"]
[WhiteTeam "Schott Mainz"]
[BlackTeam "Baden-Baden II"]
[WhiteTeamCountry "GER"]
[BlackTeamCountry "GER"]

1. d4 Nf6 2. Bg5 d5 3. Bxf6 exf6 4. e3 Bd6 5. Nd2 0-0 6. Qf3 Be6 7. Bd3 Nd7 8. Ne2 Re8 9. g4 c5 10. c3 Qb6 11. Rb1 cxd4 12. exd4 Nf8 13. h4 Bd7 14. Nf1 Bb5 15. Kd2 Bxd3 16. Qxd3 Re6 17. Kc2 Rae8 18. Ne3 Qa5 19. Rbe1 Ng6 20. Kb1 Nf4 21. Nxf4 Bxf4 22. Ng2 Bd6 23. Qf3 Qb5 24. Ne3 Re4 25. Nc2 a5 26. Rxe4 Rxe4 27. Re1 Ba3 28. b3 Rxe1+ 29. Nxe1 Bd6 30. Nc2 a4 31. Kb2 Qa6 32. bxa4 Qb6+ 33. Kc1 Qc6 34. Kd2 Qc4 35. Qf5 h6 36. Ne3 Qxa2+ 37. Qc2 Qa1 38. Nxd5 Qg1 39. Qf5 Bf8 40. h5 Qa1 41. Qd7 f5 42. Qxb7 fxg4 43. Qa8 Qb2+ 44. Ke3 Qc1+ 45. Ke4 Qe1+ 46. Kf5 Qxf2+ 47. Nf4 g3 48. a5 Kh7 49. Qe4 Bd6 50. Kg4+ Kg8 51. Nh3 f5+ 52. Qxf5 Qe2+ 53. Kh4 Qe7+ 54. Kg4 Qe2+ 55. Qf3 Qe6+ 56. Kh4 1/2-1/2